Prueba de Geografía #1 - Estadísticas

Estadísticas generales
  • Esta prueba ha sido intentada 81 veces
  • La puntuación promedio es 14 de 23
Estadísticas de respuestas
Hint Respuesta % Correcto
Serie de montañas enlazadas entre sí Cordillera
97%
Término general dado para el agua que fluye por un cause definido Río
88%
Grupo de islas más o menos próximas entre sí Archipiélago
84%
Lugar donde termina un río Desembocadura
78%
Extensión de agua almacenada o embalsada por el hombre Embalse
78%
Porción de tierra rodeada de agua por todas partes Isla
78%
Estructura geológica por la cual emergen lava y gases del interior de la tierra Volcán
78%
Llanura entre montes o alturas Valle
76%
Bioma de clima árido, en donde las precipitaciones son escasas Desierto
72%
Costa alta y escarpada, de altura variable Acantilado
71%
Cadena montañosa submarina Dorsal oceánica
71%
Paso angosto en el mar que comunica dos mares o dos océanos Estrecho
62%
Terreno llano, especialmente de gran extensión Planicie
62%
Bioma con terrenos llanos y fríos, un subsuelo helado y ausencia de vegetación arbórea Tundra
60%
Gran masa permanente de agua depositada en depresiones del terreno Lago
59%
Isla coralina oceánica, usualmente con forma de anillo Atolón
52%
Paso estrecho o garganta profunda entre dos altas montañas, por donde suelen correr los ríos Cañón
48%
Masa de tierra que se proyecta hacia el interior del mar, influenciando el flujo de corrientes costeras Cabo
45%
Ribera del mar o de un río grande, formada de arenales en superficie casi plana Playa
41%
Desembocadura de un río amplio en el mar, donde se intercambia agua dulce y salada Estuario
33%
Cuerpo de aguas superficiales o subterráneas Napa
26%
Recodo que forma ceño en la costa y en el que penetra el mar Ensenada
22%
Gran entrante del mar, mayor a una bahía, más profundo que una ensenada y más amplio que un fiordo Seno
12%
No se encontraron pruebas coincidentes
Distribución de puntuación
Porcentaje de gente con cada puntuación
Porcentaje por número respondido
Historial de tus puntuaciones
No has intentado esta prueba.